LEADER 00809nam a2200253 i 4500 001 991000589739707536 005 20020503191204.0 008 010219s1985 it ||| | ita 020 $c10000 035 $ab10100064-39ule_inst 035 $aLE02518766$9ExL 040 $aFac. Economia$bita 082 0 $a304.60945 110 2 $aIstat$0374421 245 12$aL'Italia dei censimenti /$cIstat 260 $aRoma :$bISTAT,$c1985 300 $a91 p. ;$c26 cm 650 4$aDemografia$zItalia 907 $a.b10100064$b06-11-14$c27-06-02 912 $a991000589739707536 945 $aLE025 ECO 304 IST01.02$g1$i2025000073111$lle025$o-$pE0.00$q-$rl$s- $t0$u0$v0$w0$x0$y.i1011659x$z27-06-02 996 $aItalia dei censimenti$9196647 997 $aUNISALENTO 998 $ale025$b01-01-01$cm$da $e-$fita$git $h2$i1